Colin Farrell Movies Quiz - Statistics

General Stats
  • This quiz has been taken 81 times
  • The average score is 10 of 18
Answer Stats
Year Description Movie % Correct
2022 The Caped Crusader investigates the murder of the mayor of his city The Batman
93%
2008 When a mission goes wrong, two hitmen are stuck in a Belgian city In Bruges
78%
2003 Somehow, a blind lawyer is a superhero vigilante by night Daredevil
73%
2002 Future crimes are predicted and prevented thanks to computers and psychics Minority Report
73%
2016 British wizard tries to catch a dark force that terrorizes New York City Fantastic Beasts and Where to Find Them
71%
2004 The life of the greatest Greek leader Alexander
67%
2015 Single people are given 45 days to find romantic partners or otherwise be turned into animals The Lobster
67%
2022 Man is devastated when his buddy suddenly ends their lifelong friendship The Banshees of Inisherin
64%
2011 Three friends hire a hitman to assassinate their respective bosses Horrible Bosses
63%
2002 Publicist will be sniped if he hangs up a public call box Phone Booth
58%
2019 American expat tries to sell his tremendously profitable marijuana empire The Gentlemen
44%
2012 In the late 21st century, former secret agent doesn't remember he was one Total Recall
44%
2006 Stylish detectives fight drugs and prostitution in the Magic City Miami Vice
37%
2011 Teenager suspects his neighbor is a vampire Fright Night
36%
2012 Screenwriter becomes involved in the LA criminal underworld Seven Psychopaths
33%
2005 Native American princess and English captain fall in love The New World
29%
2003 Group of skilled officers must stop a drug lord from escaping a prison whorewards anyone who frees him with $100 million S.W.A.T.
23%
2013 A crime lord's right-hand man is helped by a woman seeking retribution Dead Man Down
12%
No matching quizzes found
Score Distribution
Percent of People with Each Score
Percentile by Number Answered
Your Score History
You have not taken this quiz